000 00348nam a2200157Ia 4500
003 Ost
005 20260225132551.0
008 260225s9999||||xx |||||||||||||| ||und||
040 _cfsic
041 _afre
082 _a440
100 _aRobert bresson
_eAuteur
245 0 _aCinema d'aujourd hui /
245 0 _cRobert bresson
942 _cكتاب
999 _c34131
_d34131